| 000 | 00478cam a22001457a 4500 | ||
|---|---|---|---|
| 008 | 180718b1962 xxu||||| |||| 00| 0 eng d | ||
| 082 | _aI27x54 Si64 | ||
| 100 | _aSingh, S. N. | ||
| 245 |
_aSecretary of state for Indian and his council _cby S. N. Singh |
||
| 260 |
_aDelhi _bMunshi Ram _c1962 |
||
| 300 | _a185p | ||
| 650 | _aIndians of North America --Missions --United States | ||
| 650 | _aIndians of North America --Government relations | ||
| 650 | _aIndians of North America | ||
| 999 |
_c427652 _d427652 |
||